Gaming Quiz

Random Gaming or Nintendo Quiz

NES 'Name a...' Blitz Quiz Stats

 Plays Quiz Updated Oct 13, 2016

Challenge
Share
Tweet
Embed
Score 0/26 Timer 02:00
0 Plays Today
Name A... % Correct
Ice Hockey countrySweden
69.5%
Mike Tyson's Punch-Out!! opponentMr. Sandman
69.1%
Legend of Zelda bossGohma
62.8%
Contra weaponSpread
53.1%
Tecmo Super Bowl QB*Aikman
52.2%
Super Mario Bros. 3 Koopa KidLudwig
42%
Metroid beamWave Beam
31.3%
Battletoads toadRash
29.6%
Double Dragon brotherBilly Lee
26.7%
Adventure island foodCarrot
25.4%
Mega Man 2 powerupLeaf Shield
22.3%
Rampage monsterLizzie
20%
RC Pro-Am car upgradeAccelerator
15.8%
Name A... % Correct
Final Fantasy FiendKary
14.4%
Simon's Quest mansionBraham Mansion
9.6%
Metal Gear transceiver contactBig Boss
9.5%
Dragon Warrior swordErdrick's Sword
7.7%
Ninja Gaiden 'Malice Four'Bloody Malth
6.3%
Kirby's Adventure minigameQuick Draw
5.2%
Kid Icarus sacred treasureMirror Shield
4.7%
Gauntlet characterQuestor
4.2%
River City Ransom gangThe Squids
3.8%
Bubble Bobble enemyBaron von Blubba
2.1%
Blaster Master vehicle componentHover Engine
1.7%
Crystalis 'Finest Four'General Kelbesque
1.5%
Rad Racer courseSan Francisco Highway
1.3%

You're not logged in!

Compare scores with friends on all Sporcle quizzes.
Join for Free
OR
Log In

You Might Also Like...

Show Comments

Extras

Top Quizzes Today


Score Distribution

Your Account Isn't Verified!

In order to create a playlist on Sporcle, you need to verify the email address you used during registration. Go to your Sporcle Settings to finish the process.

Report this User

Report this user for behavior that violates our Community Guidelines.

Details: